[Event "SVK-ch U16"]
[Site "Tatralandia"]
[Date "2024.04.11"]
[Round "8"]
[White "Simunek, Matej"]
[Black "Carnecky, Viliam"]
[Result "1/2-1/2"]
[WhiteElo "1711"]
[BlackElo "1789"]
[PlyCount "91"]
[EventDate "2024.04.05"]
[EventType "swiss"]
[EventRounds "9"]
[EventCountry "SVK"]
[SourceTitle "CB16_2024"]
[SourceDate "2024.04.17"]
[SourceVersion "1"]
[SourceVersionDate "2024.04.17"]
[SourceQuality "1"]

1. d4 Nf6 2. c4 e5 3. dxe5 Ng4 4. Nf3 Bc5 5. e3 Nc6 6. Nc3 0-0 7. Be2 Re8 8. 0-0 a5 9. b3 Ra6 10. Ne4 b6 11. Ng3 Ncxe5 12. Nxe5 Nxe5 13. Bb2 Qh4 14. Qd5 d6 15. Qe4 Qh6 16. f4 Nf3+ 17. Rxf3 Rxe4 18. Nxe4 Bb7 19. Bd3 f5 20. Nxc5 Bxf3 21. Nxa6 Bb7 22. Nxc7 Qg6 23. Nd5 Kf8 24. Re1 b5 25. Re2 Qf7 26. e4 fxe4 27. Bxe4 bxc4 28. bxc4 Ba6 29. Rc2 Qe6 30. Nc3 Qxc4 31. Re2 Qc5+ 32. Rf2 Qe3 33. g3 a4 34. Bg2 a3 35. Bxa3 Qxc3 36. Bxd6+ Kg8 37. Be5 Qe3 38. Bf1 Qe1 39. Bc3 Qd1 40. Be5 Bc4 41. a4 Qxa4 42. Bxc4+ Qxc4 43. h3 Qc5 44. Kg2 h6 45. h4 Kh7 46. g4 1/2-1/2

[Event "SVK-ch U16"]
[Site "Tatralandia"]
[Date "2024.04.07"]
[Round "3"]
[White "Carnecky, Viliam"]
[Black "Pongo, Aron"]
[Result "1/2-1/2"]
[WhiteElo "1789"]
[BlackElo "1887"]
[PlyCount "49"]
[EventDate "2024.04.05"]
[EventType "swiss"]
[EventRounds "9"]
[EventCountry "SVK"]
[SourceTitle "CB16_2024"]
[SourceDate "2024.04.17"]
[SourceVersion "1"]
[SourceVersionDate "2024.04.17"]
[SourceQuality "1"]

1. e4 e6 2. d4 d5 3. e5 c5 4. c3 Nc6 5. Nf3 Qb6 6. a3 c4 7. Nbd2 Na5 8. Be2 Bd7 9. Rb1 Ne7 10. 0-0 Qc7 11. Qe1 Ba4 12. Bd1 Bxd1 13. Qxd1 h6 14. b3 cxb3 15. Nxb3 Nxb3 16. Qxb3 0-0-0 17. Bd2 Nc6 18. Be3 Na5 19. Qa4 Kb8 20. Rfc1 Rc8 21. Nd2 Nc4 22. Nxc4 Qxc4 23. Qd7 Qc7 24. Qa4 Qc4 25. Qd7 1/2-1/2

[Event "SVK-ch U16"]
[Site "Tatralandia"]
[Date "2024.04.06"]
[Round "2"]
[White "Gay, Lukas"]
[Black "Carnecky, Viliam"]
[Result "1/2-1/2"]
[WhiteElo "1976"]
[BlackElo "1789"]
[PlyCount "69"]
[EventDate "2024.04.05"]
[EventType "swiss"]
[EventRounds "9"]
[EventCountry "SVK"]
[SourceTitle "CB16_2024"]
[SourceDate "2024.04.17"]
[SourceVersion "1"]
[SourceVersionDate "2024.04.17"]
[SourceQuality "1"]

1. e4 c5 2. Nf3 Nc6 3. Bb5 g6 4. 0-0 Bg7 5. c3 a6 6. Ba4 b5 7. Bc2 d6 8. h3 Nf6 9. d4 cxd4 10. cxd4 0-0 11. Be3 Bb7 12. Nc3 Rc8 13. Qe2 Na5 14. a3 Nc4 15. Bd3 Nxe3 16. Qxe3 Nd7 17. Rac1 e5 18. dxe5 Nxe5 19. Nxe5 Bxe5 20. f4 Bf6 21. Rfd1 Re8 22. Bb1 Qe7 23. Qd2 Bxc3 24. Rxc3 Rxc3 25. bxc3 Bxe4 26. Bxe4 Qxe4 27. Qxd6 Qe3+ 28. Kh1 Qxc3 29. Qxa6 Re1+ 30. Rxe1 Qxe1+ 31. Kh2 b4 32. axb4 Qxb4 33. Qf6 Qd2 34. Kg3 Qe1+ 35. Kh2 1/2-1/2

[Event "SVK-chT2C 2223"]
[Site "Slovakia"]
[Date "2023.02.12"]
[Round "9.8"]
[White "Jurky, Marian"]
[Black "Carnecky, Viliam"]
[Result "1-0"]
[WhiteElo "1691"]
[BlackElo "1456"]
[PlyCount "85"]
[EventDate "2022.10.08"]
[EventType "team-tourn"]
[EventRounds "11"]
[EventCountry "SVK"]
[SourceTitle "EXT 2024"]
[Source "ChessBase"]
[SourceDate "2023.10.10"]
[SourceVersion "1"]
[SourceVersionDate "2023.10.10"]
[SourceQuality "1"]
[WhiteTeam "Liptov Chess School III"]
[BlackTeam "Zilina Mladost III"]
[WhiteTeamCountry "SVK"]
[BlackTeamCountry "SVK"]

1. e4 c6 2. c4 d5 3. cxd5 cxd5 4. exd5 Qxd5 5. Nc3 Qa5 6. d4 Nf6 7. Bd2 Nbd7 8. Nf3 e6 9. Qc2 Be7 10. Nb5 Bb4 11. Nc7+ Ke7 12. Nxa8 Bxd2+ 13. Qxd2 Qxd2+ 14. Nxd2 Nd5 15. Rc1 Kd8 16. Bc4 N7f6 17. Bxd5 Nxd5 18. 0-0 Bd7 19. Ne4 Bc6 20. Nd6 Ke7 21. Nxb7 Bxb7 22. Nc7 Nf4 23. Rc2 Bxg2 24. Re1 Kf6 25. Re3 Rd8 26. d5 Kf5 27. f3 Rd7 28. dxe6 fxe6 29. Nxe6 Rd1+ 30. Kf2 Nxe6 31. Kxg2 Nf4+ 32. Kf2 Rh1 33. Rc5+ Kf6 34. Ra3 Ne6 35. Kg2 Rb1 36. Rb5 Nf4+ 37. Kg3 g5 38. Ra6+ Ne6 39. Rxa7 Re1 40. Rb6 h5 41. Raa6 Re2 42. Rxe6+ Rxe6 43. Rxe6+ 1-0

[Event "Liptovsky Jan op"]
[Site "Liptovsky Jan"]
[Date "2022.06.25"]
[Round "4"]
[White "Carnecky, Viliam"]
[Black "Dicer, Juraj"]
[Result "1-0"]
[WhiteElo "1374"]
[BlackElo "1556"]
[PlyCount "79"]
[EventDate "2022.06.23"]
[EventType "swiss"]
[EventRounds "7"]
[EventCountry "SVK"]
[SourceTitle "CBM 209 Extra"]
[Source "ChessBase"]
[SourceDate "2022.09.30"]
[SourceVersion "1"]
[SourceVersionDate "2022.09.30"]
[SourceQuality "1"]

1. e4 c5 2. Nf3 Nc6 3. d4 cxd4 4. Nxd4 g6 5. Nc3 Bg7 6. Be3 Nf6 7. Bc4 0-0 8. 0-0 d6 9. h3 a6 10. f4 Na5 11. Be2 Qc7 12. Qd2 Nc4 13. Bxc4 Qxc4 14. Qd3 Qc7 15. Nd5 Nxd5 16. exd5 b5 17. c3 Bb7 18. Nf3 e6 19. dxe6 fxe6 20. Rad1 Rad8 21. Ng5 Rfe8 22. Ne4 Qc6 23. Rfe1 Ba8 24. Bf2 d5 25. Ng5 Rd6 26. Bg3 Bf6 27. Nf3 Rdd8 28. Nd4 Qb6 29. Bf2 Qd6 30. Bg3 Qb6 31. Bf2 Qc7 32. Nxe6 Qc6 33. Nxd8 Rxd8 34. Qf3 Qd7 35. Qg3 Qc6 36. Bd4 Qd6 37. Bxf6 Qxf6 38. Kh1 Bc6 39. Qg5 Qxg5 40. fxg5 1-0

[Event "Liptovsky Jan op"]
[Site "Liptovsky Jan"]
[Date "2022.06.24"]
[Round "2.38"]
[White "Carnecky, Viliam"]
[Black "Kolibik, Jan"]
[Result "1/2-1/2"]
[WhiteElo "1374"]
[BlackElo "1621"]
[PlyCount "95"]
[EventDate "2022.06.23"]
[EventType "swiss"]
[EventRounds "7"]
[EventCountry "SVK"]
[SourceTitle "CBM 209 Extra"]
[Source "ChessBase"]
[SourceDate "2022.09.30"]
[SourceVersion "1"]
[SourceVersionDate "2022.09.30"]
[SourceQuality "1"]

1. e4 c5 2. Nf3 Nc6 3. d4 cxd4 4. Nxd4 g6 5. Nc3 Bg7 6. Be3 Nf6 7. Bc4 Qa5 8. 0-0 0-0 9. Re1 d6 10. f3 Bd7 11. a3 a6 12. Rb1 Rfe8 13. Nb3 Qc7 14. Bd5 b5 15. Nd4 Rac8 16. Nxc6 Bxc6 17. Bxc6 Qxc6 18. Qd2 Nd7 19. Bd4 Bxd4+ 20. Qxd4 Qb6 21. Qxb6 Nxb6 22. Re2 Rc5 23. Nd1 Nc4 24. c3 Rec8 25. Ne3 Nxe3 26. Rxe3 Kf8 27. Kf2 e6 28. Rd1 Rd8 29. Red3 Ke7 30. Ke3 Rc7 31. Rd4 Rcd7 32. a4 Rb8 33. axb5 Rxb5 34. Rb1 Rc7 35. Kd3 a5 36. Rc4 Rcb7 37. Kc2 d5 38. exd5 Rxd5 39. Re4 Rbd7 40. Re2 Rb7 41. Rd2 Rdb5 42. Rd4 Re5 43. Rd2 Rbb5 44. Rbd1 Re3 45. Rd3 Re2+ 46. R3d2 Re3 47. Rd3 Re2+ 48. R3d2 1/2-1/2

[Event "SVK-ch U14"]
[Site "Stara Lubovna"]
[Date "2022.05.24"]
[Round "5"]
[White "Carnecky, Viliam"]
[Black "Smetana, Peter"]
[Result "0-1"]
[WhiteElo "1380"]
[BlackElo "1740"]
[PlyCount "82"]
[EventDate "2022.05.21"]
[EventType "swiss"]
[EventRounds "9"]
[EventCountry "SVK"]
[SourceTitle "CBM 208 Extra"]
[Source "ChessBase"]
[SourceDate "2022.07.31"]
[SourceVersion "1"]
[SourceVersionDate "2022.07.31"]
[SourceQuality "1"]

1. e4 c5 2. Nf3 d6 3. Bb5+ Bd7 4. Qe2 Bxb5 5. Qxb5+ Qd7 6. Nc3 Nc6 7. 0-0 Nf6 8. Qe2 e6 9. d3 Be7 10. h3 0-0 11. Bg5 Rfc8 12. Qd2 h6 13. Bh4 Nd4 14. Nxd4 cxd4 15. Bxf6 Bxf6 16. Ne2 Qb5 17. b3 Qc5 18. Rfc1 Rc7 19. b4 Qc6 20. Rab1 Rac8 21. b5 Qc5 22. a4 d5 23. exd5 Qxd5 24. Rb4 e5 25. c4 dxc3 26. Rxc3 Be7 27. Rxc7 Rxc7 28. Rg4 Bg5 29. Qd1 f5 30. Rb4 Kf7 31. Qb3 Qxb3 32. Rxb3 Ke6 33. b6 axb6 34. Rxb6+ Kd5 35. Rb5+ Kd6 36. d4 exd4 37. Nxd4 g6 38. Rb6+ Kc5 39. Rxg6 Kxd4 40. a5 Rc1+ 41. Kh2 Ra1 0-1

[Event "SVK-ch U14"]
[Site "Stara Lubovna"]
[Date "2022.05.22"]
[Round "2"]
[White "Carnecky, Viliam"]
[Black "Benci, Jozef1111"]
[Result "0-1"]
[WhiteElo "1380"]
[BlackElo "1624"]
[PlyCount "74"]
[EventDate "2022.05.21"]
[EventType "swiss"]
[EventRounds "9"]
[EventCountry "SVK"]
[SourceTitle "CBM 208 Extra"]
[Source "ChessBase"]
[SourceDate "2022.07.31"]
[SourceVersion "1"]
[SourceVersionDate "2022.07.31"]
[SourceQuality "1"]

1. e4 c5 2. Nf3 d6 3. Bb5+ Nd7 4. c3 Ngf6 5. e5 dxe5 6. Nxe5 Qc7 7. d4 a6 8. Bxd7+ Bxd7 9. Bf4 Qb6 10. b3 e6 11. 0-0 Be7 12. Re1 Bc6 13. Nc4 Qd8 14. dxc5 Bxc5 15. Bd6 Ba7 16. Nba3 Ne4 17. Bg3 Nxg3 18. hxg3 Qf6 19. Qc2 0-0 20. Ne5 Rac8 21. Nxc6 Rxc6 22. c4 Bc5 23. Rab1 Bxa3 24. b4 Rb6 25. Rb3 Rxb4 26. Rxa3 Rb2 27. Qe4 Qxf2+ 28. Kh2 Rd8 29. Rg1 Qf6 30. Rf3 Qh6+ 31. Qh4 Qxh4+ 32. gxh4 Rdd2 33. Rb3 Rxb3 34. axb3 f6 35. Rb1 Kf7 36. b4 Rd4 37. c5 Rxh4+ 0-1

[Event "SVK-ch U12"]
[Site "Stara Lubovna"]
[Date "2021.07.03"]
[Round "9"]
[White "Carnecky, Viliam"]
[Black "Ropovik, Samuel"]
[Result "1/2-1/2"]
[WhiteElo "1316"]
[BlackElo "1135"]
[PlyCount "52"]
[EventDate "2021.06.26"]
[EventType "swiss"]
[EventRounds "9"]
[EventCountry "SVK"]
[SourceTitle "CBM 203 Extra"]
[Source "ChessBase"]
[SourceDate "2021.09.30"]
[SourceVersion "1"]
[SourceVersionDate "2021.09.30"]
[SourceQuality "1"]

1. e4 c5 2. Nf3 a6 3. d4 cxd4 4. Nxd4 Nf6 5. Nc3 e5 6. Nf3 Bb4 7. Nxe5 Qc7 8. Qd4 Bc5 9. Nd5 Qa5+ 10. Qd2 Bxf2+ 11. Kd1 Qxd2+ 12. Bxd2 Nxd5 13. exd5 0-0 14. Bc4 b5 15. Bb3 a5 16. a3 Bh4 17. c3 d6 18. Nf3 Bg4 19. Rf1 Nd7 20. Kc1 Bxf3 21. Rxf3 Ne5 22. Rh3 Bf6 23. Bc2 h6 24. Rg3 Kh8 25. Bf4 b4 26. cxb4 axb4 1/2-1/2

[Event "SVK-ch U12"]
[Site "Stara Lubovna"]
[Date "2021.06.30"]
[Round "6"]
[White "Durovka, Marek"]
[Black "Carnecky, Viliam"]
[Result "1-0"]
[WhiteElo "1581"]
[BlackElo "1316"]
[PlyCount "119"]
[EventDate "2021.06.26"]
[EventType "swiss"]
[EventRounds "9"]
[EventCountry "SVK"]
[SourceTitle "CBM 203 Extra"]
[Source "ChessBase"]
[SourceDate "2021.09.30"]
[SourceVersion "1"]
[SourceVersionDate "2021.09.30"]
[SourceQuality "1"]

1. d4 Nf6 2. Bf4 g6 3. Nf3 d6 4. g3 Bg7 5. Bg2 c5 6. dxc5 Qa5+ 7. c3 Qxc5 8. Be3 Qb5 9. Qb3 Qxb3 10. axb3 Nc6 11. Nd4 Nxd4 12. Bxd4 a6 13. Na3 0-0 14. Nc4 Nd7 15. Be3 Rb8 16. Nb6 Nxb6 17. Bxb6 Bd7 18. b4 Rbc8 19. 0-0 Bc6 20. Bh3 e6 21. Rfd1 d5 22. Rac1 Bb5 23. e3 Rc6 24. Bd4 e5 25. Bc5 Ra8 26. Rxd5 Bf6 27. Bd7 Rc7 28. Bxb5 axb5 29. Rcd1 Ra2 30. R1d2 Rc6 31. Bd6 Rb6 32. Bxe5 Bxe5 33. Rxe5 Kg7 34. Kf1 Ra1+ 35. Ke2 Rh1 36. h4 Rh2 37. Rdd5 Rf6 38. Rxb5 Rfxf2+ 39. Kd3 Rd2+ 40. Kc4 Rxb2 41. Rxb7 Rh3 42. Rg5 Re2 43. Kd3 Rhh2 44. b5 Rd2+ 45. Kc4 Rde2 46. Re5 Rh3 47. Kd3 Rhh2 48. b6 Rd2+ 49. Kc4 Rhg2 50. Ree7 Rdf2 51. Rbd7 Rf6 52. b7 Rb2 53. Kc5 Rb3 54. c4 Kf8 55. e4 h5 56. e5 Rfb6 57. Rxf7+ Ke8 58. Rc7 Rb1 59. Rh7 Rxb7 60. Rc8# 1-0

[Event "SVK-ch U12"]
[Site "Stara Lubovna"]
[Date "2021.06.28"]
[Round "3"]
[White "Carnecky, Viliam"]
[Black "Ziman, Damian"]
[Result "0-1"]
[WhiteElo "1316"]
[BlackElo "1153"]
[PlyCount "82"]
[EventDate "2021.06.26"]
[EventType "swiss"]
[EventRounds "9"]
[EventCountry "SVK"]
[SourceTitle "CBM 203 Extra"]
[Source "ChessBase"]
[SourceDate "2021.09.30"]
[SourceVersion "1"]
[SourceVersionDate "2021.09.30"]
[SourceQuality "1"]

1. e4 c5 2. Nf3 d6 3. d4 cxd4 4. Nxd4 Nf6 5. Nc3 g6 6. Bc4 Bg7 7. h3 0-0 8. 0-0 Bd7 9. Re1 Nc6 10. Nf3 Rc8 11. Bb3 a6 12. a4 Nh5 13. Rb1 Ne5 14. Nd5 Re8 15. Nxe5 Bxe5 16. Qf3 Be6 17. Nf4 Nxf4 18. Bxf4 Bxb3 19. cxb3 Bxf4 20. Qxf4 Qb6 21. Re3 Rc7 22. Rc3 Rec8 23. Qf3 Qb4 24. Rxc7 Rxc7 25. Qd3 Rc6 26. Rd1 Qc5 27. Qd5 Qxd5 28. exd5 Rc2 29. Re1 Rxb2 30. Rxe7 Rxb3 31. Rd7 Rb6 32. a5 Rb5 33. Rxd6 Rxa5 34. Rd8+ Kg7 35. d6 Rd5 36. Rb8 b5 37. Rb6 a5 38. d7 Rxd7 39. Rxb5 Ra7 40. Rb3 a4 41. Kf1 axb3 0-1

[Event "SVK-ch U12"]
[Site "Lubovna"]
[Date "2020.08.22"]
[Round "9"]
[White "Carnecky, Viliam"]
[Black "Elias, David"]
[Result "0-1"]
[WhiteElo "1338"]
[BlackElo "1781"]
[PlyCount "72"]
[EventDate "2020.08.15"]
[EventType "swiss"]
[EventRounds "9"]
[EventCountry "SVK"]
[SourceTitle "EXT 2021"]
[Source "ChessBase"]
[SourceDate "2020.10.23"]
[SourceVersion "1"]
[SourceVersionDate "2020.10.23"]
[SourceQuality "1"]

1. e4 c5 2. Nf3 d6 3. d4 cxd4 4. Nxd4 Nf6 5. Nc3 Nc6 6. g3 e5 7. Nf3 h6 8. Bg2 Be6 9. 0-0 Be7 10. Re1 0-0 11. Nd5 Rc8 12. b3 Re8 13. Ba3 Bf8 14. c4 a6 15. Qd3 Bxd5 16. cxd5 Nb8 17. Bh3 Nbd7 18. Rab1 b5 19. Nh4 Qb6 20. Qe3 Qxe3 21. Rxe3 a5 22. Ree1 Rc2 23. Rb2 Rec8 24. Re2 Rc1+ 25. Kg2 b4 26. Bxb4 axb4 27. f4 g5 28. fxe5 dxe5 29. Nf5 g4 30. Bxg4 Nxg4 31. Rbd2 Ngf6 32. d6 Nc5 33. Rc2 Ncxe4 34. Rxc1 Rxc1 35. d7 Rd1 36. Rc2 Nxd7 0-1

[Event "SVK-ch U12"]
[Site "Lubovna"]
[Date "2020.08.21"]
[Round "8"]
[White "Gay, Lukas"]
[Black "Carnecky, Viliam"]
[Result "0-1"]
[WhiteElo "1211"]
[BlackElo "1338"]
[PlyCount "86"]
[EventDate "2020.08.15"]
[EventType "swiss"]
[EventRounds "9"]
[EventCountry "SVK"]
[SourceTitle "EXT 2021"]
[Source "ChessBase"]
[SourceDate "2020.10.23"]
[SourceVersion "1"]
[SourceVersionDate "2020.10.23"]
[SourceQuality "1"]

1. e4 c6 2. d4 d5 3. Nc3 dxe4 4. Nxe4 Bf5 5. Ng3 Bg6 6. h4 h6 7. N1e2 e6 8. Nf4 Bh7 9. Bc4 Nf6 10. 0-0 Be7 11. Re1 0-0 12. Nfh5 Nxh5 13. Nxh5 Bxh4 14. g3 Bf6 15. Qg4 Qxd4 16. Nxf6+ Qxf6 17. Bxe6 fxe6 18. f4 Qf5 19. Qf3 Nd7 20. g4 Qd5 21. Qf2 Qc5 22. Re3 Qxc2 23. Qxc2 Bxc2 24. Rxe6 Rae8 25. Re3 Rxe3 26. Bxe3 a6 27. Rc1 Bh7 28. Rd1 Nf6 29. g5 hxg5 30. fxg5 Ng4 31. Bc5 Re8 32. Rf1 Bg6 33. Rf4 Re4 34. Rxe4 Bxe4 35. Kf1 Ne5 36. Be3 Kf7 37. Ke2 Kg6 38. Bd4 Nf7 39. Ke3 Nxg5 40. Kf4 Bd5 41. a3 Ne6+ 42. Ke3 Nxd4 43. Kxd4 Kf5 0-1

[Event "SVK-ch U12"]
[Site "Lubovna"]
[Date "2020.08.18"]
[Round "5"]
[White "Carnecky, Viliam"]
[Black "Tokarcik, Jan"]
[Result "0-1"]
[WhiteElo "1338"]
[BlackElo "1278"]
[PlyCount "56"]
[EventDate "2020.08.15"]
[EventType "swiss"]
[EventRounds "9"]
[EventCountry "SVK"]
[SourceTitle "EXT 2021"]
[Source "ChessBase"]
[SourceDate "2020.10.23"]
[SourceVersion "1"]
[SourceVersionDate "2020.10.23"]
[SourceQuality "1"]

1. e4 e5 2. Nf3 Nc6 3. Bc4 Nf6 4. Ng5 d5 5. exd5 Na5 6. Bb5+ c6 7. dxc6 bxc6 8. Ba4 h6 9. Nf3 e4 10. Qe2 Be7 11. Ng1 0-0 12. Nc3 Re8 13. Qe3 Ng4 14. Qe2 Bc5 15. Nh3 Qh4 16. a3 e3 17. dxe3 Bxe3 18. Kf1 Nc4 19. Bxc6 Ba6 20. Nb5 Re5 21. a4 Bxf2 22. Be4 Nce3+ 23. Bxe3 Nxe3+ 24. Qxe3 Bxe3 25. Bxa8 Qc4+ 26. Ke1 Bg1+ 27. Kd2 Re2+ 28. Kd1 Qxc2# 0-1

[Event "SVK-ch U12"]
[Site "Lubovna"]
[Date "2020.08.17"]
[Round "4"]
[White "Polomsky, Tomas"]
[Black "Carnecky, Viliam"]
[Result "0-1"]
[WhiteElo "1436"]
[BlackElo "1338"]
[PlyCount "70"]
[EventDate "2020.08.15"]
[EventType "swiss"]
[EventRounds "9"]
[EventCountry "SVK"]
[SourceTitle "EXT 2021"]
[Source "ChessBase"]
[SourceDate "2020.10.23"]
[SourceVersion "1"]
[SourceVersionDate "2020.10.23"]
[SourceQuality "1"]

1. c4 c6 2. e3 d5 3. Nc3 Bf5 4. Qb3 Qd7 5. cxd5 cxd5 6. Qxd5 Qxd5 7. Nxd5 Kd8 8. Bc4 e6 9. Nc3 Nf6 10. Nf3 Be7 11. d4 Nc6 12. Bd2 Kd7 13. h3 Rhd8 14. Bb5 Ke8 15. 0-0 Ne4 16. Nxe4 Bxe4 17. Ne5 a6 18. Bxc6+ Bxc6 19. Rac1 Bb5 20. Rfe1 Bf6 21. Ba5 Rd5 22. Ng4 Be7 23. Bb6 Bb4 24. e4 Rh5 25. Re3 Bd2 26. Rc7 Bxe3 27. fxe3 Bc6 28. Ne5 Bxe4 29. Rxf7 Rxe5 30. Rxg7 Rf5 31. Bc5 Rc8 32. Re7+ Kd8 33. Rxh7 Rfxc5 34. Rh8+ Kd7 35. Rh4 Rc1+ 0-1

[Event "SVK-ch U10"]
[Site "Liptovsky Mikulas"]
[Date "2019.04.24"]
[Round "3"]
[White "Durovka, Marek"]
[Black "Carnecky, Viliam"]
[Result "1-0"]
[WhiteElo "1469"]
[BlackElo "1274"]
[PlyCount "77"]
[EventDate "2019.04.23"]
[EventType "swiss"]
[EventRounds "9"]
[EventCountry "SVK"]
[SourceTitle "CBM 190 Extra"]
[Source "ChessBase"]
[SourceDate "2019.07.15"]
[SourceVersion "1"]
[SourceVersionDate "2019.07.15"]
[SourceQuality "1"]

1. d4 d5 2. Nf3 Nf6 3. e3 Bg4 4. Nbd2 e6 5. Bd3 c5 6. c3 c4 7. Bc2 b5 8. 0-0 Be7 9. e4 Nc6 10. h3 Bxf3 11. Qxf3 b4 12. Ba4 Qc7 13. exd5 Nxd5 14. Nxc4 0-0 15. Ne3 bxc3 16. bxc3 Rad8 17. Nxd5 Rxd5 18. Bf4 Bd6 19. Bxd6 Qxd6 20. c4 Nxd4 21. Qd3 Ra5 22. Bc2 Nf5 23. Rfd1 Qxd3 24. Rxd3 g6 25. Bb3 Rc8 26. Rad1 Kg7 27. Rd7 a6 28. Ra7 Rc6 29. Rdd7 Nd6 30. f3 Kh6 31. Kf2 Kg5 32. g3 h6 33. f4+ Kf6 34. Kf3 e5 35. c5 e4+ 36. Ke2 Kg7 37. cxd6 Rc8 38. Rxf7+ Kh8 39. Rh7# 1-0

[Event "SVK-ch U10"]
[Site "Liptovsky Mikulas"]
[Date "2018.04.25"]
[Round "7"]
[White "Carnecky, Viliam"]
[Black "Cizmar, Tomas"]
[Result "0-1"]
[WhiteElo "1253"]
[BlackElo "1447"]
[PlyCount "42"]
[EventDate "2018.04.21"]
[EventType "swiss"]
[EventRounds "9"]
[EventCountry "SVK"]
[SourceTitle "CBM 184 Extra"]
[Source "ChessBase"]
[SourceDate "2018.06.28"]
[SourceVersion "1"]
[SourceVersionDate "2018.06.28"]
[SourceQuality "1"]

1. e4 e5 2. Nf3 Nc6 3. Bc4 Bc5 4. c3 d6 5. Bb3 Bg4 6. d3 h6 7. h3 Be6 8. Nbd2 Nge7 9. Nf1 Qd7 10. Ng3 0-0-0 11. 0-0 f5 12. d4 Bxb3 13. axb3 exd4 14. cxd4 Bb6 15. Bf4 g5 16. d5 gxf4 17. dxc6 Qxc6 18. Nxf5 Nxf5 19. exf5 Rhg8 20. Qd2 Qxf3 21. g3 Qxg3+ 0-1

[Event "SVK-ch U10"]
[Site "Liptovsky Mikulas"]
[Date "2018.04.22"]
[Round "3"]
[White "Carnecky, Viliam"]
[Black "Karapetsas, Athanasios"]
[Result "1/2-1/2"]
[WhiteElo "1253"]
[BlackElo "1237"]
[PlyCount "123"]
[EventDate "2018.04.21"]
[EventType "swiss"]
[EventRounds "9"]
[EventCountry "SVK"]
[SourceTitle "CBM 184 Extra"]
[Source "ChessBase"]
[SourceDate "2018.06.28"]
[SourceVersion "1"]
[SourceVersionDate "2018.06.28"]
[SourceQuality "1"]

1. c4 e5 2. Nc3 Nc6 3. Nf3 Nf6 4. e3 d5 5. h3 Be6 6. cxd5 Bxd5 7. Nxd5 Qxd5 8. Be2 0-0-0 9. b3 Bc5 10. Bc4 Qd7 11. Bb2 Rhe8 12. Bb5 e4 13. Ne5 Qd5 14. Bc4 Qd6 15. Nxf7 Qd7 16. Nxd8 Rxd8 17. Bxf6 gxf6 18. Be2 Bb4 19. Bg4 f5 20. Bh5 Qxd2+ 21. Qxd2 Rxd2 22. 0-0 Bc3 23. Rac1 Bf6 24. a4 Be7 25. Rfd1 Rb2 26. Bf7 Ne5 27. Be6+ Kb8 28. Rc5 Nd3 29. Rd5 c6 30. Rd7 Bh4 31. g3 Nxf2 32. R1d2 Rxd2 33. Rxd2 Bxg3 34. Kg2 Bh4 35. Bxf5 Nd3 36. Bxe4 Nc5 37. Bxh7 Nxb3 38. Rd3 Na5 39. e4 Kc7 40. e5 Be7 41. Bg6 b5 42. axb5 cxb5 43. e6 Nc6 44. Rd7+ Kb6 45. Kg3 a5 46. h4 a4 47. h5 Bf8 48. Rf7 Bh6 49. Be4 Bc1 50. Bxc6 Kxc6 51. e7 Kd7 52. Kf2 a3 53. Ke2 a2 54. e8Q+ Kxe8 55. Ra7 b4 56. Rxa2 b3 57. Ra1 b2 58. Rb1 Kf7 59. Kf3 Kf6 60. Kg4 Kg7 61. Kf5 Kh6 62. Kg4 1/2-1/2

[Event "SVK-ch U08"]
[Site "Liptovsky Mikulas"]
[Date "2017.04.27"]
[Round "8"]
[White "Durana, Jonas"]
[Black "Carnecky, Viliam"]
[Result "0-1"]
[WhiteElo "1000"]
[BlackElo "1232"]
[PlyCount "118"]
[EventDate "2017.04.22"]
[EventType "swiss"]
[EventRounds "9"]
[EventCountry "SVK"]
[SourceTitle "CBM 178 Extra"]
[Source "ChessBase"]
[SourceDate "2017.06.22"]
[SourceVersion "1"]
[SourceVersionDate "2017.06.22"]
[SourceQuality "1"]

1. e4 e5 2. Nf3 Nc6 3. Bc4 Bc5 4. d3 h6 5. c3 Nf6 6. Bb3 0-0 7. 0-0 d6 8. h3 d5 9. Re1 dxe4 10. dxe4 Qxd1 11. Rxd1 Nxe4 12. Rd5 Bxf2+ 13. Kf1 Bg3 14. Na3 Be6 15. Rb5 Rab8 16. Bxe6 fxe6 17. Be3 Bh4 18. Nc4 Ng3+ 19. Ke1 Kh7 20. Nxh4 Rf1+ 21. Kd2 Rxa1 22. Nxe5 Rd8+ 23. Kc2 Nxe5 24. Rxe5 Re8 25. Bc1 Rxa2 26. Bf4 Nf1 27. Nf5 a5 28. Re1 a4 29. Nd4 a3 30. Nb3 Rxb2+ 31. Kd3 Rxb3 32. Rxf1 a2 33. Be5 Rb1 34. Rf7 Rg8 35. c4 a1Q 36. Bxa1 Rxa1 37. Rxc7 Rb8 38. Re7 b5 39. c5 Rc1 40. Rxe6 Rxc5 41. Re4 Rc1 42. Rb4 Rc4 43. Rxc4 bxc4+ 44. Kxc4 Rd8 45. g4 Kg6 46. h4 h5 47. g5 Rf8 48. Kd3 Rf4 49. Ke3 Rxh4 50. Kf3 Rg4 51. Ke3 h4 52. Kd3 h3 53. Ke3 h2 54. Kf3 h1Q+ 55. Kxg4 Qf1 56. Kh4 Qg1 57. Kh3 Kf5 58. g6 Kf4 59. Kh4 Qg4# 0-1

[Event "SVK-ch U08"]
[Site "Liptovsky Mikulas"]
[Date "2017.04.24"]
[Round "4"]
[White "Elias, Simon"]
[Black "Carnecky, Viliam"]
[Result "0-1"]
[WhiteElo "1000"]
[BlackElo "1232"]
[PlyCount "60"]
[EventDate "2017.04.22"]
[EventType "swiss"]
[EventRounds "9"]
[EventCountry "SVK"]
[SourceTitle "CBM 178 Extra"]
[Source "ChessBase"]
[SourceDate "2017.06.22"]
[SourceVersion "1"]
[SourceVersionDate "2017.06.22"]
[SourceQuality "1"]

1. e4 e5 2. Qh5 Bd6 3. Bc4 g6 4. Qd1 Nc6 5. Nf3 Nf6 6. Nc3 0-0 7. 0-0 Bc5 8. d3 d6 9. Bh6 Re8 10. h3 a6 11. a3 b5 12. Bd5 Nxd5 13. exd5 Nd4 14. Bg5 f6 15. Bh6 g5 16. Nxd4 exd4 17. Ne4 Qe7 18. b4 Bb6 19. a4 Qf7 20. Bxg5 fxg5 21. Nxg5 Qg6 22. Qc1 h6 23. Nf3 Bxh3 24. Nh4 Qg4 25. g3 Bxf1 26. Kxf1 Rf8 27. axb5 Qxg3 28. Ke1 Rae8+ 29. Kd2 Qxf2+ 30. Kd1 Re1# 0-1

[Event "Bratislava U16 op 43rd"]
[Site "Bratislava"]
[Date "2016.08.21"]
[Round "5"]
[White "Carnecky, Viliam"]
[Black "Havalda, Samuel"]
[Result "1-0"]
[WhiteElo "1004"]
[BlackElo "1000"]
[PlyCount "79"]
[EventDate "2016.08.19"]
[EventType "swiss"]
[EventRounds "7"]
[EventCountry "SVK"]
[SourceTitle "CBM 174 Extra"]
[Source "ChessBase"]
[SourceDate "2016.10.10"]
[SourceVersion "1"]
[SourceVersionDate "2016.10.10"]
[SourceQuality "1"]

1. e4 e5 2. Nf3 Nc6 3. Nc3 Nf6 4. Bc4 Bc5 5. d3 d6 6. 0-0 0-0 7. a3 Bg4 8. b4 Bd4 9. Bd2 Qe7 10. h3 Bxf3 11. Qxf3 Rad8 12. Qg3 g6 13. Nd5 Nxd5 14. Rab1 Nc3 15. Bxc3 Bxc3 16. b5 Nd4 17. Qe3 Nxc2 18. Qc1 Nxa3 19. Qxa3 Bd4 20. Bd5 b6 21. Qxa7 Ra8 22. Bxa8 Qe6 23. Bd5 Qf6 24. Qxc7 Qg5 25. Qxd6 Rd8 26. Qb4 Qf6 27. Ra1 Re8 28. Ra8 Rxa8 29. Bxa8 Bc5 30. Qc4 Be7 31. Qc8+ Bf8 32. Qe8 Kg7 33. Rc1 Qe7 34. Qxe7 Bxe7 35. Rc7 Bc5 36. Rxc5 bxc5 37. b6 f5 38. b7 fxe4 39. b8Q exd3 40. Qxe5+ 1-0